header

Energetics and percolation properties of hydrophobic nanoporous media (Record no. 60381)

MARC details
000 -LEADER
fixed length control field 01449nam a2200361 a 4500
082 04 - DEWEY DECIMAL CLASSIFICATION NUMBER
Classification number 620.1/16
100 1# - MAIN ENTRY--AUTHOR NAME
Personal name Borman, V. D.
245 10 - TITLE STATEMENT
Title Energetics and percolation properties of hydrophobic nanoporous media
260 ## - PUBLICATION, DISTRIBUTION, ETC. (IMPRINT)
Place of publication Hauppauge, N.Y. :
Name of publisher Nova Science Publishers,
Year of publication c2010.
300 ## - PHYSICAL DESCRIPTION
Number of Pages 47 p.
490 1# - SERIES STATEMENT
Series statement Nanotechnology science and technology
650 #0 - SUBJECT ADDED ENTRY--TOPICAL TERM
Topical Term Porous materials
Topical Term Hydrophobic surfaces.
Topical Term Percolation (Statistical physics)
700 1# - ADDED ENTRY--PERSONAL NAME
Personal name Tronin, V. N.
856 40 - ELECTRONIC LOCATION AND ACCESS
Uniform Resource Identifier http://site.ebrary.com/lib/rucke/Doc?id=10681048

No items available.

© 2026 Rongo University
Contact us: librarian | system librarian | Rongo university